[Event "FIDE World Youth U16 Chess Olympiad SLOVAKIA 2016"]
[Site "Poprad Tatry SLOVAKIA"]
[Date "2016.07.23"]
[Round "2"]
[Board "2"]
[White "Gavrilescu, David"]
[Black "Dobrovoljc, Vid"]
[Result "1/2-1/2"]
[WhiteElo "2274"]
[BlackElo "2246"]
[PlyCount "54"]
[EventDate "2016.07.22"]
[EventType "team"]
[EventRounds "9"]
[EventCountry "SVK"]
[WhiteTeam "Romania"]
[BlackTeam "Slovenia"]

1. d4 Nf6 2. Nf3 g6 3. Nbd2 d5 4. e3 Bg7 5. b4 O-O 6. c4 c6 7. Be2 Bf5 8. O-O
Ne4 9. Bb2 Nd7 10. Qb3 Ndf6 11. Rfc1 Nxd2 12. Nxd2 Ne4 13. Nf3 Bg4 14. cxd5
cxd5 15. h3 Bxf3 16. Bxf3 e6 17. Rc2 Nd6 18. Be2 Qd7 19. b5 Rfc8 20. Rac1 Rxc2
21. Rxc2 Rc8 22. Ba3 Bf8 23. Bc5 b6 24. Bb4 Rxc2 25. Qxc2 Qc8 26. Qxc8 Nxc8 27.
Bd2 Ba3 1/2-1/2

[Event "FIDE World Youth U16 Chess Olympiad SLOVAKIA 2016"]
[Site "Poprad Tatry SLOVAKIA"]
[Date "2016.07.23"]
[Round "2"]
[Board "3"]
[White "Zamar Kodelja, Jurij"]
[Black "Banzea, Alexandru-Bogdan"]
[Result "0-1"]
[WhiteElo "2103"]
[BlackElo "2263"]
[PlyCount "80"]
[EventDate "2016.07.22"]
[EventType "team"]
[EventRounds "9"]
[EventCountry "SVK"]
[WhiteTeam "Slovenia"]
[BlackTeam "Romania"]

1. d4 Nf6 2. Nf3 g6 3. g3 Bg7 4. Bg2 O-O 5. O-O d6 6. c4 Nc6 7. Nc3 a6 8. Qd3
e5 9. dxe5 dxe5 10. Qxd8 Rxd8 11. Bg5 Re8 12. Nd2 Nd4 13. e3 Ne6 14. Bxf6 Bxf6
15. Rad1 Bd8 16. Nb3 f5 17. Na5 e4 18. b4 c6 19. Nb3 a5 20. b5 a4 21. Nd4 Bf6
22. bxc6 bxc6 23. Nce2 Nxd4 24. Nxd4 Ba6 25. Rc1 Bxd4 26. exd4 Rab8 27. Rfd1
Rb2 28. d5 cxd5 29. Rxd5 e3 30. fxe3 Bb7 31. Bh1 Bxd5 32. Bxd5+ Kg7 33. c5 Kf6
34. Rc3 Rd8 35. Bf3 Rdd2 36. Rc1 Rbc2 37. Ra1 Rxa2 38. Rb1 Rab2 39. Ra1 a3 40.
c6 a2 0-1

[Event "FIDE World Youth U16 Chess Olympiad SLOVAKIA 2016"]
[Site "Poprad Tatry SLOVAKIA"]
[Date "2016.07.23"]
[Round "2"]
[Board "4"]
[White "Jakab, Kincso"]
[Black "Hrescak, Ivana"]
[Result "0-1"]
[WhiteElo "1915"]
[BlackElo "2081"]
[PlyCount "138"]
[EventDate "2016.07.22"]
[EventType "team"]
[EventRounds "9"]
[EventCountry "SVK"]
[WhiteTeam "Romania"]
[BlackTeam "Slovenia"]

1. d4 Nf6 2. Nf3 g6 3. Nbd2 Bg7 4. e4 d6 5. Bd3 O-O 6. O-O Nbd7 7. Re1 e5 8. c3
Re8 9. Nb3 c6 10. a4 Nf8 11. Qc2 Bg4 12. Nfd2 Nh5 13. h3 Be6 14. Bc4 Nf4 15.
Bxe6 N8xe6 16. Nf3 Qf6 17. Qd1 Re7 18. d5 cxd5 19. exd5 Nc7 20. Bxf4 Qxf4 21.
Nbd2 f5 22. Qb3 Na6 23. Qc4 Qh6 24. Rad1 Rc7 25. Qb5 Qf4 26. g3 Qh6 27. h4 Bf6
28. Nb3 Rf8 29. Qe2 Bd8 30. Qd2 f4 31. Kg2 Qh5 32. Qe2 Rcf7 33. Rd3 Bb6 34. a5
Bd8 35. Qe4 Qg4 36. Qe2 Nc7 37. Nh2 Qd7 38. Qe4 Ne8 39. Nd2 Qb5 40. b4 Nf6 41.
Qc4 Qxc4 42. Nxc4 e4 43. Rd4 f3+ 44. Kf1 Bc7 45. Ne3 b6 46. Ra1 Rb8 47. Nhg4
Nxg4 48. Nxg4 Kg7 49. Rxe4 bxa5 50. bxa5 Rb5 51. c4 Rxa5 52. Ree1 Rxa1 53. Rxa1
Bb6 54. Ra3 Bc5 55. Rb3 a5 56. Rb1 a4 57. Ra1 a3 58. Ne3 Rb7 59. Nd1 Re7 60.
Ra2 Re4 61. Rc2 Rd4 62. Ne3 Rd3 63. Ke1 Bxe3 64. fxe3 Rxe3+ 65. Kf1 Re2 66. Rc3
a2 67. Ra3 Rb2 68. c5 dxc5 69. d6 Rb1+ 0-1

[Event "FIDE World Youth U16 Chess Olympiad SLOVAKIA 2016"]
[Site "Poprad Tatry SLOVAKIA"]
[Date "2016.07.23"]
[Round "2"]
[Board "1"]
[White "Golubov, Saveliy"]
[Black "Liu, Yan"]
[Result "1/2-1/2"]
[WhiteElo "2497"]
[BlackElo "2402"]
[PlyCount "58"]
[EventDate "2016.07.22"]
[EventType "team"]
[EventRounds "9"]
[EventCountry "SVK"]
[WhiteTeam "Russia"]
[BlackTeam "China 1"]

1. d4 Nf6 2. Nf3 e6 3. Bf4 b6 4. Nbd2 Bb7 5. e3 Be7 6. h3 O-O 7. Bd3 c5 8. c3
Nc6 9. O-O d6 10. Qe2 Re8 11. e4 g6 12. Bg5 Nh5 13. Bxe7 Qxe7 14. g3 cxd4 15.
cxd4 Rec8 16. a3 e5 17. d5 Nb8 18. Rac1 Nd7 19. b4 Ng7 20. Bb5 a6 21. Rxc8+
Bxc8 22. Bc6 Rb8 23. Qe3 Nf8 24. Kg2 f5 25. Rc1 Nh5 26. exf5 gxf5 27. Qh6 Nf6
28. Nh4 b5 29. Nf1 f4 1/2-1/2

[Event "FIDE World Youth U16 Chess Olympiad SLOVAKIA 2016"]
[Site "Poprad Tatry SLOVAKIA"]
[Date "2016.07.23"]
[Round "2"]
[Board "2"]
[White "Nie, Xinyang"]
[Black "Esipenko, Andrey"]
[Result "0-1"]
[WhiteElo "2314"]
[BlackElo "2477"]
[PlyCount "126"]
[EventDate "2016.07.22"]
[EventType "team"]
[EventRounds "9"]
[EventCountry "SVK"]
[WhiteTeam "China 1"]
[BlackTeam "Russia"]

1. Nf3 d5 2. e3 Nf6 3. b3 e6 4. Bb2 Be7 5. Be2 O-O 6. d3 c5 7. O-O Nc6 8. Nbd2
b6 9. Re1 Bb7 10. Bf1 Nd7 11. e4 d4 12. e5 Qc7 13. Qe2 Nb4 14. Rec1 Nd5 15. g3
b5 16. Bg2 Nc3 17. Qe1 a6 18. a4 Bc6 19. Bxc3 dxc3 20. Ne4 b4 21. Qe3 Nxe5 22.
Nxe5 Qxe5 23. Nf6+ Bxf6 24. Qxe5 Bxe5 25. Bxc6 Rad8 26. Re1 Bd4 27. Kg2 Rd6 28.
Bf3 a5 29. Re2 g6 30. Rae1 Kg7 31. h4 h5 32. Bb7 Rb8 33. Bf3 Re8 34. Bb7 Re7
35. Bf3 f5 36. Ba8 Kf6 37. Bf3 e5 38. Ba8 Ra7 39. Bf3 Rad7 40. Rb1 Rb6 41. Ree1
Ke6 42. Re2 Kd6 43. Ree1 Rb8 44. Re2 Re7 45. Kh2 Rg8 46. Rh1 Rf8 47. Kg2 c4 48.
dxc4 e4 49. Rd1 exf3+ 50. Kxf3 Re4 51. Rxe4 fxe4+ 52. Kxe4 Rxf2 53. Rxd4+ Kc6
54. Ke3 Rxc2 55. Rf4 Rg2 56. Kd3 Rxg3+ 57. Kc2 Rg2+ 58. Kc1 Rb2 59. Rf8 Rxb3
60. Rc8+ Kd7 61. Rg8 Ra3 62. Kc2 Ra2+ 63. Kb1 b3 0-1

[Event "FIDE World Youth U16 Chess Olympiad SLOVAKIA 2016"]
[Site "Poprad Tatry SLOVAKIA"]
[Date "2016.07.23"]
[Round "2"]
[Board "3"]
[White "Sarana, Alexey"]
[Black "Chen, Qi B"]
[Result "1-0"]
[WhiteElo "2422"]
[BlackElo "2210"]
[PlyCount "75"]
[EventDate "2016.07.22"]
[EventType "team"]
[EventRounds "9"]
[EventCountry "SVK"]
[WhiteTeam "Russia"]
[BlackTeam "China 1"]

1. d4 Nf6 2. c4 g6 3. Nf3 Bg7 4. g3 O-O 5. Bg2 d6 6. O-O Nc6 7. Nc3 a6 8. Qd3
e5 9. dxe5 dxe5 10. Qxd8 Rxd8 11. Bg5 Re8 12. Nd2 Nd4 13. Rfd1 Ne6 14. h4 h6
15. Bxf6 Bxf6 16. Nd5 Bd8 17. b4 c6 18. Nc3 f5 19. c5 a5 20. a3 Nd4 21. Nc4 Nc2
22. Nd6 Rf8 23. Ra2 axb4 24. axb4 Rxa2 25. Nxa2 Bc7 26. Nxc8 Rxc8 27. Rd7 e4
28. h5 e3 29. hxg6 exf2+ 30. Kxf2 Be5 31. Bh3 Bd4+ 32. Kf3 Re8 33. Bxf5 Re3+
34. Kg4 Rxe2 35. Bxc2 Rxc2 36. Rxd4 Rxa2 37. Rd7 Rb2 38. Rxb7 1-0

[Event "FIDE World Youth U16 Chess Olympiad SLOVAKIA 2016"]
[Site "Poprad Tatry SLOVAKIA"]
[Date "2016.07.23"]
[Round "2"]
[Board "4"]
[White "Wang, Shiwu"]
[Black "Obolentseva, Alexandra"]
[Result "0-1"]
[WhiteElo "2013"]
[BlackElo "2336"]
[PlyCount "98"]
[EventDate "2016.07.22"]
[EventType "team"]
[EventRounds "9"]
[EventCountry "SVK"]
[WhiteTeam "China 1"]
[BlackTeam "Russia"]

1. d4 Nf6 2. c4 g6 3. Nc3 Bg7 4. e4 O-O 5. Nge2 d6 6. Ng3 e5 7. d5 a5 8. h4 Na6
9. Be2 Nc5 10. h5 Qe8 11. Bg5 Bd7 12. Qd2 Rc8 13. Bh6 Bxh6 14. Qxh6 Qe7 15. O-O
Ng4 16. Bxg4 Bxg4 17. f4 Nd3 18. f5 Nf4 19. hxg6 fxg6 20. Rxf4 exf4 21. Qxf4 h5
22. Rf1 Qe5 23. Qxe5 dxe5 24. fxg6 Rxf1+ 25. Nxf1 Kg7 26. Ne3 Kxg6 27. c5 c6
28. Na4 cxd5 29. exd5 Be2 30. d6 Kf7 31. Nd5 Bb5 32. Ne7 Rd8 33. Nc3 Bc6 34. a3
Ra8 35. b3 Ke6 36. g3 Rf8 37. b4 Rf3 38. Nxc6 bxc6 39. Ne4 Rxa3 40. Ng5+ Kd7
41. Nf7 axb4 42. Nxe5+ Ke6 43. d7 Rxg3+ 44. Kh2 Rg8 45. Nxc6 Kxd7 46. Nxb4 Ke6
47. c6 Rg4 48. c7 Rc4 49. Kh3 Rxc7 0-1

[Event "FIDE World Youth U16 Chess Olympiad SLOVAKIA 2016"]
[Site "Poprad Tatry SLOVAKIA"]
[Date "2016.07.23"]
[Round "2"]
[Board "1"]
[White "Nikitenko, Mihail"]
[Black "Riess, Alexander"]
[Result "1-0"]
[WhiteElo "2364"]
[BlackElo "2208"]
[PlyCount "61"]
[EventDate "2016.07.22"]
[EventType "team"]
[EventRounds "9"]
[EventCountry "SVK"]
[WhiteTeam "Belarus"]
[BlackTeam "Germany 2"]

1. Nf3 Nf6 2. g3 g6 3. Bg2 Bg7 4. O-O O-O 5. d3 c5 6. Nbd2 Nc6 7. e4 d5 8. Re1
e5 9. exd5 Nxd5 10. Nc4 f6 11. a4 Be6 12. c3 Qd7 13. Nfd2 Rfd8 14. Ne4 Bf8 15.
a5 Qf7 16. Qa4 Nc7 17. Qc2 Nd5 18. Rf1 Be7 19. Bd2 Rac8 20. Rae1 Kg7 21. Bc1
Rd7 22. Qe2 Rcd8 23. Ng5 Qg8 24. Nxe6+ Qxe6 25. f4 Bd6 26. fxe5 Bxe5 27. Nxe5
Qxe5 28. Qf2 Qd6 29. Bxd5 Qxd5 30. Qxf6+ Kg8 31. Re6 1-0

[Event "FIDE World Youth U16 Chess Olympiad SLOVAKIA 2016"]
[Site "Poprad Tatry SLOVAKIA"]
[Date "2016.07.23"]
[Round "2"]
[Board "2"]
[White "Engel, Luis"]
[Black "Zarubitski, Viachaslau"]
[Result "1-0"]
[WhiteElo "2276"]
[BlackElo "2289"]
[PlyCount "71"]
[EventDate "2016.07.22"]
[EventType "team"]
[EventRounds "9"]
[EventCountry "SVK"]
[WhiteTeam "Germany 2"]
[BlackTeam "Belarus"]

1. e4 c5 2. Nf3 e6 3. g3 Nc6 4. Bg2 Nf6 5. Qe2 d5 6. d3 Be7 7. O-O O-O 8. e5
Nd7 9. c4 f6 10. exf6 Nxf6 11. b3 Bd6 12. Bb2 d4 13. Ng5 e5 14. Nd2 Bg4 15. Bf3
Bf5 16. Nde4 Qc7 17. Rae1 Rae8 18. Bc1 h6 19. Nxf6+ Rxf6 20. Bd5+ Kh8 21. Ne4
Bxe4 22. Bxe4 Ref8 23. h4 Nd8 24. Qg4 Qf7 25. Re2 Ne6 26. f3 Kg8 27. Kh1 b6 28.
f4 exf4 29. Bd5 fxg3 30. Rxf6 Qxf6 31. Qxe6+ Kh7 32. Qxf6 gxf6 33. Kg2 Kg6 34.
Re4 Kh5 35. Bf4 Bxf4 36. Rxf4 1-0

[Event "FIDE World Youth U16 Chess Olympiad SLOVAKIA 2016"]
[Site "Poprad Tatry SLOVAKIA"]
[Date "2016.07.23"]
[Round "2"]
[Board "3"]
[White "Ivannikau, Maksim"]
[Black "Kopylov, Daniel"]
[Result "1-0"]
[WhiteElo "2168"]
[BlackElo "2034"]
[PlyCount "107"]
[EventDate "2016.07.22"]
[EventType "team"]
[EventRounds "9"]
[EventCountry "SVK"]
[WhiteTeam "Belarus"]
[BlackTeam "Germany 2"]

1. Nf3 d5 2. g3 c6 3. Bg2 Bg4 4. O-O Nd7 5. d3 Ngf6 6. Nbd2 e5 7. e4 Bd6 8. h3
Bh5 9. g4 Bg6 10. Nh4 O-O 11. Nf5 Bc5 12. h4 h5 13. g5 Ng4 14. Nb3 Bxf5 15.
Nxc5 Nxc5 16. exf5 e4 17. f3 exf3 18. Qxf3 Qb6 19. Kh1 Nd7 20. Rb1 Rfe8 21. Bf4
f6 22. Bh3 Ne3 23. Rg1 Qd4 24. Rbc1 Rad8 25. Rg3 Ng4 26. Bxg4 hxg4 27. Qxg4 Ne5
28. Bxe5 Qxg4 29. Rxg4 fxe5 30. Re1 e4 31. dxe4 dxe4 32. Rgxe4 Rxe4 33. Rxe4
Rd1+ 34. Kg2 Rd2+ 35. Kf3 Rxc2 36. Re2 Rc4 37. Kg3 Kf7 38. Rd2 Ke7 39. Rf2 Kf7
40. f6 gxf6 41. Rxf6+ Kg7 42. h5 Rc1 43. h6+ Kg8 44. Rg6+ Kh8 45. Rg7 b5 46.
Rxa7 Rg1+ 47. Kf4 Rf1+ 48. Ke5 Re1+ 49. Kf6 Rf1+ 50. Kg6 Rf8 51. Rc7 b4 52.
Rxc6 b3 53. axb3 Rb8 54. b4 1-0

[Event "FIDE World Youth U16 Chess Olympiad SLOVAKIA 2016"]
[Site "Poprad Tatry SLOVAKIA"]
[Date "2016.07.23"]
[Round "2"]
[Board "4"]
[White "Pajeken, Jakob Leon"]
[Black "Badelka, Olga"]
[Result "0-1"]
[WhiteElo "2051"]
[BlackElo "2175"]
[PlyCount "76"]
[EventDate "2016.07.22"]
[EventType "team"]
[EventRounds "9"]
[EventCountry "SVK"]
[WhiteTeam "Germany 2"]
[BlackTeam "Belarus"]

1. e4 c5 2. Nf3 Nc6 3. d4 cxd4 4. Nxd4 Qb6 5. Nb3 Nf6 6. Nc3 e6 7. Qe2 Bb4 8.
Bd2 O-O 9. a3 Be7 10. O-O-O a6 11. g4 Qc7 12. g5 Ne8 13. f4 b5 14. Nd5 exd5 15.
exd5 Bd6 16. dxc6 dxc6 17. Qf3 Be6 18. Bd3 f5 19. Ba5 Qf7 20. Rhf1 Rc8 21. Nd4
Bd5 22. Qh3 g6 23. Bc3 Ng7 24. Qh6 Rfd8 25. Kb1 Nh5 26. Nxf5 Bf8 27. Bf6 Nxf6
28. gxf6 Qxf6 29. Qh4 Qxh4 30. Nxh4 c5 31. Nf3 c4 32. Be2 Be4 33. Ng5 Bf5 34.
Bf3 Rxd1+ 35. Rxd1 Re8 36. Kc1 Kg7 37. Bb7 c3 38. Bf3 h6 0-1

[Event "FIDE World Youth U16 Chess Olympiad SLOVAKIA 2016"]
[Site "Poprad Tatry SLOVAKIA"]
[Date "2016.07.23"]
[Round "2"]
[Board "1"]
[White "Gorodetzky, David"]
[Black "Vogel, Roven"]
[Result "1-0"]
[WhiteElo "2331"]
[BlackElo "2425"]
[PlyCount "137"]
[EventDate "2016.07.22"]
[EventType "team"]
[EventRounds "9"]
[EventCountry "SVK"]
[WhiteTeam "Israel Rehovot Chess School"]
[BlackTeam "Germany 1"]

1. e4 c6 2. d4 d5 3. Nc3 dxe4 4. Nxe4 Bf5 5. Ng3 Bg6 6. h4 h6 7. Nf3 Nd7 8. h5
Bh7 9. Bd3 Bxd3 10. Qxd3 e6 11. Bd2 Ngf6 12. O-O-O Be7 13. Kb1 O-O 14. Qe2 Qc7
15. Ne4 c5 16. g4 Nxe4 17. Qxe4 Qc6 18. Qxc6 bxc6 19. Ne5 Nxe5 20. dxe5 Rfd8
21. Be3 Rd5 22. f4 Rad8 23. Kc1 c4 24. c3 a6 25. Kc2 f6 26. Rd4 fxe5 27. Rxc4
exf4 28. Bxf4 Rf8 29. Re1 Bd6 30. Be3 c5 31. Re4 Rc8 32. Rxe6 Kf7 33. Re4 Bf8
34. Rf1+ Kg8 35. Re6 a5 36. Rd1 Kf7 37. Rxd5 Kxe6 38. Rf5 a4 39. Kd3 c4+ 40.
Ke4 Rb8 41. Bd4 Be7 42. Bxg7 Rxb2 43. Bxh6 Rxa2 44. Ra5 Bf6 45. Ra6+ Ke7 46. g5
Bxc3 47. g6 a3 48. g7 Rg2 49. Rg6 Rxg6 50. hxg6 a2 51. g8=Q a1=Q 52. Bg5+ Kd7
53. Qd5+ Kc7 54. Qxc4+ Kd7 55. Qf7+ Kc6 56. Qe8+ Kc5 57. Be7+ Kb6 58. Qb8+ Kc6
59. Qc8+ Kb6 60. Qe6+ Kb5 61. Qd5+ Kb6 62. Bd8+ Ka7 63. Qd7+ Kb8 64. Qc7+ Ka8
65. Qc6+ Ka7 66. Bb6+ Ka6 67. Bc7+ Ka7 68. Qb6+ Ka8 69. Qb8# 1-0

[Event "FIDE World Youth U16 Chess Olympiad SLOVAKIA 2016"]
[Site "Poprad Tatry SLOVAKIA"]
[Date "2016.07.23"]
[Round "2"]
[Board "2"]
[White "Urban, Konstantin"]
[Black "Zlatin, Alexander"]
[Result "1-0"]
[WhiteElo "2329"]
[BlackElo "2146"]
[PlyCount "63"]
[EventDate "2016.07.22"]
[EventType "team"]
[EventRounds "9"]
[EventCountry "SVK"]
[WhiteTeam "Germany 1"]
[BlackTeam "Israel Rehovot Chess School"]

1. d4 Nf6 2. c4 e6 3. Nc3 Bb4 4. Qc2 Qe7 5. Nf3 O-O 6. Bd2 d6 7. a3 Bxc3 8.
Bxc3 Nc6 9. e3 a5 10. b3 e5 11. dxe5 dxe5 12. Be2 e4 13. Nd2 Bf5 14. Qb2 Rfd8
15. O-O Ng4 16. h3 Nge5 17. b4 Nd3 18. Bxd3 Rxd3 19. b5 Nd8 20. Nb3 Qg5 21. Kh2
Ne6 22. Nd4 Nxd4 23. Bxd4 Be6 24. Rac1 Rd8 25. Rc3 Rxc3 26. Qxc3 b6 27. Rc1 f6
28. c5 Rd5 29. cxb6 cxb6 30. Qc6 Bd7 31. Qxb6 Bxb5 32. Qe6+ 1-0

[Event "FIDE World Youth U16 Chess Olympiad SLOVAKIA 2016"]
[Site "Poprad Tatry SLOVAKIA"]
[Date "2016.07.23"]
[Round "2"]
[Board "3"]
[White "Parkhov, Yair"]
[Black "Schroeder, Kevin"]
[Result "1/2-1/2"]
[WhiteElo "2162"]
[BlackElo "2350"]
[PlyCount "104"]
[EventDate "2016.07.22"]
[EventType "team"]
[EventRounds "9"]
[EventCountry "SVK"]
[WhiteTeam "Israel Rehovot Chess School"]
[BlackTeam "Germany 1"]

1. d4 Nf6 2. c4 e6 3. Nf3 Bb4+ 4. Nbd2 b6 5. a3 Bxd2+ 6. Qxd2 Bb7 7. g3 O-O 8.
Bg2 d6 9. b3 Nbd7 10. Bb2 a5 11. O-O Qe7 12. Rfe1 Be4 13. Qc3 Rfe8 14. Bh3 c6
15. Nd2 Bg6 16. Bg2 Rec8 17. e4 d5 18. Qe3 Qd8 19. f4 a4 20. b4 b5 21. e5 Ne4
22. c5 f5 23. h3 Nf8 24. Kh2 h6 25. Bf3 Bh7 26. Rg1 Kh8 27. Raf1 Ra7 28. Bc1
Rf7 29. Bh5 Bg6 30. Bd1 Nh7 31. Nf3 Rf8 32. Qe1 Be8 33. Bc2 g5 34. Bd1 Bg6 35.
h4 Kg7 36. Qe3 Bh5 37. fxg5 hxg5 38. hxg5 Rh8 39. Kg2 Nf8 40. Nh4 Ng6 41. Nxg6
Kxg6 42. Rh1 Bxd1 43. Rxd1 Qxg5 44. Qf3 Qg4 45. Qe3 Rcg8 46. Qf3 Qxf3+ 47. Kxf3
Kf7 48. Bf4 Kg6 49. Rc1 Ng5+ 50. Bxg5 Kxg5 51. Rcg1 Rf8 52. Rf1 Kg6 1/2-1/2

[Event "FIDE World Youth U16 Chess Olympiad SLOVAKIA 2016"]
[Site "Poprad Tatry SLOVAKIA"]
[Date "2016.07.23"]
[Round "2"]
[Board "4"]
[White "Sieber, Fiona"]
[Black "Gorodetzky, Matan"]
[Result "1-0"]
[WhiteElo "2177"]
[BlackElo "2127"]
[PlyCount "114"]
[EventDate "2016.07.22"]
[EventType "team"]
[EventRounds "9"]
[EventCountry "SVK"]
[WhiteTeam "Germany 1"]
[BlackTeam "Israel Rehovot Chess School"]

1. e4 e6 2. d4 d5 3. Nc3 Nf6 4. e5 Nfd7 5. f4 c5 6. Nf3 Nc6 7. Be3 a6 8. Qd2
cxd4 9. Nxd4 Bc5 10. O-O-O Bxd4 11. Bxd4 Nxd4 12. Qxd4 b5 13. Qe3 Qb6 14. Qg3
g6 15. Bd3 Bb7 16. Rhe1 O-O-O 17. Kb1 Kb8 18. Qh4 b4 19. Ne2 a5 20. h3 a4 21.
g4 a3 22. b3 Qc5 23. Qg3 h5 24. f5 h4 25. Qf4 g5 26. Qd4 Qa5 27. c3 bxc3 28.
Nxc3 f6 29. exf6 e5 30. Rxe5 Nxe5 31. Qxe5+ Qc7 32. Qxc7+ Kxc7 33. Nb5+ Kb6 34.
Nxa3 Rhf8 35. Nc2 d4 36. Bf1 Be4 37. Kb2 d3 38. Ne3 Rxf6 39. Kc3 Rf7 40. Bxd3
Re7 41. f6 Rc7+ 42. Nc4+ Ka7 43. Rd2 Rxd3+ 44. Rxd3 Bxd3 45. Kxd3 Rf7 46. Ke4
Rxf6 47. Ne5 Rf2 48. Nf3 Rxa2 49. Nxg5 Rb2 50. Nf3 Rxb3 51. g5 Kb7 52. g6 Rb4+
53. Kf5 Rb3 54. Nxh4 Kc7 55. g7 Rb8 56. Kf6 Kd6 57. Nf5+ Kd5 1-0

[Event "FIDE World Youth U16 Chess Olympiad SLOVAKIA 2016"]
[Site "Poprad Tatry SLOVAKIA"]
[Date "2016.07.23"]
[Round "2"]
[Board "1"]
[White "Sankova, Stella"]
[Black "Woong, Zhi Wei William"]
[Result "0-1"]
[WhiteElo "1911"]
[BlackElo "2008"]
[PlyCount "84"]
[EventDate "2016.07.22"]
[EventType "team"]
[EventRounds "9"]
[EventCountry "SVK"]
[WhiteTeam "Slovakia RSA BB Detva"]
[BlackTeam "Singapore"]

1. d4 d5 2. c4 e6 3. Nf3 Nf6 4. g3 Bb4+ 5. Bd2 Bd6 6. Bg2 O-O 7. O-O c6 8. b3
Ne4 9. Bf4 Bxf4 10. gxf4 Nd7 11. e3 Qe7 12. Nbd2 Nd6 13. Qc2 b6 14. Rfd1 Bb7
15. Ne5 Nxe5 16. dxe5 Nf5 17. Nf3 Rfd8 18. c5 bxc5 19. Rac1 c4 20. bxc4 dxc4
21. Qxc4 c5 22. e4 Nh4 23. Nxh4 Qxh4 24. Qxc5 Rxd1+ 25. Rxd1 Bxe4 26. Qd4 Bxg2
27. Kxg2 Qg4+ 28. Kf1 h5 29. Rc1 Qh4 30. Kg1 Rd8 31. Qe3 Qg4+ 32. Kf1 Rd1+ 33.
Rxd1 Qxd1+ 34. Kg2 Qd5+ 35. Qf3 Qxa2 36. Qxh5 Qd5+ 37. Kg3 a5 38. Qg5 Qd3+ 39.
Kh4 Qh7+ 40. Kg4 Qg6 41. Qxg6 fxg6 42. Kg5 Kf7 0-1

[Event "FIDE World Youth U16 Chess Olympiad SLOVAKIA 2016"]
[Site "Poprad Tatry SLOVAKIA"]
[Date "2016.07.23"]
[Round "2"]
[Board "2"]
[White "Lau, Ende Matthew"]
[Black "Cibikova, Sofia Anna"]
[Result "1/2-1/2"]
[WhiteElo "1880"]
[BlackElo "1682"]
[PlyCount "102"]
[EventDate "2016.07.22"]
[EventType "team"]
[EventRounds "9"]
[EventCountry "SVK"]
[WhiteTeam "Singapore"]
[BlackTeam "Slovakia RSA BB Detva"]

1. e4 e6 2. d4 d5 3. exd5 exd5 4. c4 Nf6 5. Nc3 Be7 6. Nf3 O-O 7. Bd3 h6 8. h3
Re8 9. O-O dxc4 10. Bxc4 Bf5 11. Qb3 Rf8 12. Qxb7 Nbd7 13. Bb3 a6 14. Ne5 Nb6
15. Qf3 Bh7 16. Re1 Bd6 17. Be3 a5 18. a4 Rc8 19. Red1 Qe8 20. Ng4 Nxg4 21.
Qxg4 Qd7 22. Qxd7 Nxd7 23. Nb5 Rb8 24. Rac1 Nf6 25. Rc6 Be4 26. d5 Rfd8 27. Bc4
Bc2 28. Ra1 Be4 29. Nc3 Rxb2 30. Bd4 Bh7 31. Ne4 Bxe4 32. Bxb2 Nxd5 33. f3 Bxf3
34. gxf3 Nb4 35. Rxd6 Rxd6 36. Re1 Nc2 37. Be5 Nxe1 38. Bxd6 cxd6 39. Kf2 Nc2
40. Ke2 Kf8 41. Kd3 Nb4+ 42. Kd4 Ke7 43. Bb3 f5 44. Kc4 Kd7 45. Kb5 Nc6 46. Bd5
Nb4 47. Ba8 Kc7 48. f4 d5 49. Kxa5 Nc6+ 50. Kb5 Ne7 51. Kc5 g5 1/2-1/2

[Event "FIDE World Youth U16 Chess Olympiad SLOVAKIA 2016"]
[Site "Poprad Tatry SLOVAKIA"]
[Date "2016.07.23"]
[Round "2"]
[Board "3"]
[White "Cabanova, Kristina"]
[Black "Lee, Jun Wei"]
[Result "0-1"]
[WhiteElo "1609"]
[BlackElo "1856"]
[PlyCount "94"]
[EventDate "2016.07.22"]
[EventType "team"]
[EventRounds "9"]
[EventCountry "SVK"]
[WhiteTeam "Slovakia RSA BB Detva"]
[BlackTeam "Singapore"]

1. Nf3 e6 2. g3 Nf6 3. Bg2 Be7 4. O-O O-O 5. c4 c5 6. Nc3 Nc6 7. d4 cxd4 8.
Nxd4 a6 9. a3 Qc7 10. b4 d6 11. Bb2 Ne5 12. Rc1 Nxc4 13. Na4 d5 14. Qc2 b5 15.
Nc3 Qb6 16. Nf3 Bb7 17. Ng5 Nxb2 18. Qxb2 Rac8 19. Qb1 g6 20. h4 Ne8 21. Nf3
Bf6 22. Nd1 Nd6 23. Ne3 Ne4 24. Ng4 Bg7 25. Kh2 Qd6 26. Qd3 Rxc1 27. Rxc1 h5
28. Ne1 Qb8 29. Ne3 Nxf2 30. Qb3 Qe5 31. Nf3 Qxe3 32. Qxe3 Ng4+ 33. Kg1 Nxe3
34. Rc7 Bc8 35. Bh3 Nc4 36. Kf1 Bh6 37. Nd4 Be3 38. Nc6 Nd6 39. Ne7+ Kg7 40.
Rc6 Rd8 41. Nxc8 Nxc8 42. Rxa6 Nd6 43. a4 bxa4 44. Rxa4 Rb8 45. Ra6 Ne4 46. Ra3
d4 47. Bg2 Nxg3+ 0-1

[Event "FIDE World Youth U16 Chess Olympiad SLOVAKIA 2016"]
[Site "Poprad Tatry SLOVAKIA"]
[Date "2016.07.23"]
[Round "2"]
[Board "4"]
[White "Chin, Yuen Ling Erica"]
[Black "Bobrova, Katarina"]
[Result "1-0"]
[WhiteElo "1287"]
[BlackElo "1370"]
[PlyCount "51"]
[EventDate "2016.07.22"]
[EventType "team"]
[EventRounds "9"]
[EventCountry "SVK"]
[WhiteTeam "Singapore"]
[BlackTeam "Slovakia RSA BB Detva"]

1. e4 d6 2. d4 Nf6 3. Nc3 g6 4. Be3 Bg7 5. Qd2 Nbd7 6. Bh6 O-O 7. Bxg7 Kxg7 8.
f4 e5 9. Nf3 Re8 10. O-O-O b6 11. dxe5 dxe5 12. fxe5 Ng4 13. Bb5 Re7 14. h3 Nh6
15. Nd5 Re8 16. Nf6 Re7 17. Nxd7 Bxd7 18. Bxd7 Ng8 19. Qc3 Kf8 20. Bc6 Qc8 21.
Bxa8 Qxa8 22. Qd4 Re8 23. Qd5 Qc8 24. Ng5 Nh6 25. Rhf1 Re7 26. e6 1-0

[Event "FIDE World Youth U16 Chess Olympiad SLOVAKIA 2016"]
[Site "Poprad Tatry SLOVAKIA"]
[Date "2016.07.23"]
[Round "2"]
[Board "1"]
[White "Keinanen, Toivo"]
[Black "Van Zyl-Rudd, Jack"]
[Result "1-0"]
[WhiteElo "2274"]
[BlackElo "1766"]
[PlyCount "127"]
[EventDate "2016.07.22"]
[EventType "team"]
[EventRounds "9"]
[EventCountry "SVK"]
[WhiteTeam "Finland"]
[BlackTeam "South Africa 2"]

1. c4 e5 2. g3 Nf6 3. Bg2 c6 4. d4 exd4 5. Qxd4 d5 6. Nf3 Be7 7. cxd5 cxd5 8.
O-O O-O 9. Nc3 Nc6 10. Qa4 Qb6 11. Qb5 Qxb5 12. Nxb5 Bg4 13. Be3 a6 14. Nbd4
Bc5 15. Rac1 Bxf3 16. Rxc5 Nxd4 17. Bxd4 Bxe2 18. Re1 Bb5 19. Bxf6 gxf6 20.
Bxd5 b6 21. Rc7 Rad8 22. Bb3 Bd3 23. Rb7 b5 24. Rb6 a5 25. a3 Kg7 26. Rb7 Rb8
27. Ree7 Bg6 28. h4 Rfd8 29. Ra7 Ra8 30. Rac7 Rac8 31. Rb7 Rb8 32. Rec7 Rxb7
33. Rxb7 a4 34. Ba2 Rd1+ 35. Kh2 Ra1 36. Bd5 Rf1 37. Kg2 Rd1 38. Bf3 Rd2 39.
Rxb5 Bb1 40. Rb4 Bc2 41. Bc6 Bb3 42. Bxa4 Bd5+ 43. Kf1 Bf3 44. Rf4 Be2+ 45. Ke1
Rxb2 46. Bd1 Bd3 47. Rd4 Ba6 48. Rg4+ Kf8 49. Ra4 Bd3 50. Rb4 Ra2 51. a4 Ke7
52. Rb7+ Ke8 53. Rb8+ Ke7 54. Rb3 Bc4 55. Rc3 Bd5 56. Rd3 Bc4 57. Rd4 Ba6 58.
Rd5 Bc4 59. Rc5 Bd3 60. Rc7+ Ke8 61. Rxf7 Rxf2 62. Kxf2 Kxf7 63. Ke3 Ba6 64.
Be2 1-0